000
00296nam a2200109Ia 4500
008
171211s9999 xx 000 0 und d
245
_a
Oracle Database 11g
245
_c
Charles Kim and Sam Alapati
260
_c
2007
650
_x
SOFTWARE
856
_u
http://down.ebook777.com/062/1590599101.pdf
999
_c
349349
_d
349349